Persecution in the early church /

محفوظ في:

المؤلف الرئيسي: Workman, Herbert B, 1862-1951. (مؤلف)

التنسيق: كتاب

اللغة: English

منشور في: London : Epworth Press, 1960.

سلاسل: Wyvern books.

الموضوعات:

الوسوم: إضافة وسم

لا توجد وسوم, كن أول من يضع وسما على هذه التسجيلة!

رقم الطلب: BR1604.3 .W8 1960

LEADER 00742nam a2200241I 4500
001 8654
003 OSt
005 20251015071007.0
008 130303s1960 enk 000 0 eng d
010 |a 62000762 
035 |a ocm00385465 
040 |c ARCE Library 
050 4 |a BR1604.3 .W8 1960 
100 1 |a Workman, Herbert B,   |q (Herbert Brook),   |d 1862-1951.  |e author  |9 42379 
245 1 0 |a Persecution in the early church /  |c by Herbert B. Workman. 
264 1 |a London :   |b Epworth Press,  |c 1960. 
300 |a 155 pages ;  |c 17 cm. 
490 0 |a Wyvern books. 
650 0 |a Persecution  |x History  |y Early church, ca. 30-600. 
650 0 |a Church history   |y Primitive and early church, ca. 30-600. 
901 |a reviewed 
942 |c BK  |2 lcc 
999 |c 4135  |d 4135